Normal view
MARC view
- تاليف الخطيب، عبدالله مهدي
Entry Personal Name
001 - CONTROL NUMBER
- control field: 40579
003 - CONTROL NUMBER IDENTIFIER
- control field: JO-AjAnu
005 - DATE AND TIME OF LATEST TRANSACTION
- control field: 20230606080735.0
008 - FIXED-LENGTH DATA ELEMENTS
- fixed length control field: 230606|| aca||aabn | a|a d
040 ## - CATALOGING SOURCE
- Original cataloging agency: JO-AjAnu
- Transcribing agency: JO-AjAnu
100 ## - HEADING--PERSONAL NAME
- Personal name: تاليف الخطيب، عبدالله مهدي
670 ## - SOURCE DATA FOUND
- Source citation: Work cat.: (JO-AjAnu)20801: تاليف الخطيب، عبدالله مهدي, author, الحكم الأموي في خراسان